000 00853nam a22002535i 4500
001 178050
003 ES-MaACL
005 20250903025152.0
008 110516s1968 sp |||| | spa d
080 _a51(091)
080 _a929(100):51
100 1 _aTurnbull, Herbert Western.
_9146532
245 1 4 _aLos grandes matemáticos /
_cH. W. Turnbull ; [traducción de Enrique Obregón].
250 _a1ª ed.
260 _aBarcelona :
_bCredsa,
_c1968.
300 _a218 p. ;
_c18 cm.
490 1 _aPanoramas A-Z. La universidad en su mano ;
_v43
650 0 4 _aMatemáticas-
_vHistoria
_914826
650 0 4 _aMatemáticos-
_xBiografías
_914840
700 0 _aObregón, Enrique de.
_986425
830 0 _aPanoramas A-Z. La universidad en su mano ;
_v43
_9190680
852 _aES-MaACL
_jE-15093
_xOlim P-269-bis
999 _c178050
_d178050